000
00283nam a2200109Ia 4500
008
220204s9999 xx 000 0 und d
020
_a
8170610478
082
_a
006:017(540)
_b
BIS
245
0
_a
BIS catalogue 2001
260
_a
New Delhi
_b
Bureau of Indian Standards
_c
2001
942
_c
BK
999
_c
42013
_d
42013